|
|
|
|
| LEADER |
00807nab a2200217 i 4500 |
| 001 |
publ10007 |
| 005 |
20190325113303.0 |
| 008 |
161124s2016 hu o 0|| zxx d |
| 022 |
|
|
|a 0025-0163
|
| 024 |
7 |
|
|a 3138136
|2 mtmt
|
| 040 |
|
|
|a SZTE Publicatio Repozitórium
|b hun
|
| 041 |
|
|
|a zxx
|
| 100 |
2 |
|
|a Z. Orosz Gábor
|
| 245 |
1 |
0 |
|a Projektmódszer a kémiaoktatásban
|h [elektronikus dokumentum] /
|c Z. Orosz Gábor
|
| 260 |
|
|
|c 2016
|
| 300 |
|
|
|a 342-346
|
| 490 |
0 |
|
|a MAGYAR KÉMIKUSOK LAPJA
|v 71 No. 11
|
| 700 |
0 |
1 |
|a Kiss Tivadar
|e aut
|
| 700 |
0 |
1 |
|a Németh Veronika
|e aut
|
| 856 |
4 |
0 |
|u http://publicatio.bibl.u-szeged.hu/10007/1/mkl_2016.november_z.oroszg.es.tsai_projektmodszer.a.kemiaoktatasban.pdf
|z Dokumentum-elérés
|
| 856 |
4 |
0 |
|u http://publicatio.bibl.u-szeged.hu/10007/7/orosz_cimlap.pdf
|z Dokumentum-elérés
|